All Teams Ever Managed by Claudio Ranieri - Statistics

General Stats
  • This quiz has been taken 164 times
    75 since last reset
  • The average score is 11 of 23
Answer Stats
Years Answer % Correct
2024- AS Roma
87%
2019 AS Roma
87%
2009-2011 AS Roma
87%
2015-2017 Leicester City
86%
2007-2009 Juventus
77%
2011-2012 Inter Milan
76%
2000-2004 Chelsea
73%
1991-1992 Napoli
60%
2019-2021 Sampdoria
53%
1993-1997 Fiorentina
50%
2023-2024 Cagliari
46%
1988-1991 Cagliari
46%
2007 Parma
43%
2004-2005 Valencia
31%
1997-1999 Valencia
31%
2021-2022 Watford
31%
2014 Greece
27%
2012-2014 AS Monaco
24%
1999-2000 Atletico Madrid
24%
2018-2019 Fulham
24%
2017-2018 Nantes
17%
1986-1987 Vigor Lamezia
7%
1987-1988 Puteolana
6%
No matching quizzes found
Score Distribution
Percent of People with Each Score
Percentile by Number Answered
Your Score History
You have not taken this quiz since the last reset